| 000 | 01335ngm a22002650a 4500 | ||
|---|---|---|---|
| 001 | PT19584 | ||
| 003 | AR-LpoUNG | ||
| 005 | 20210202000321.0 | ||
| 007 | vd cvaizq | ||
| 008 | 191001s1985||||ag |||||||||||||||||eng d | ||
| 037 | _c$9,97 | ||
| 040 |
_aAR-LpoUNG _bspa _cAR-LpoUNG _eaacr |
||
| 041 | _aeng | ||
| 044 | _aag | ||
| 082 | 0 | _a791.430 959bra | |
| 100 | 1 |
_aGilliam, Terry _edir. |
|
| 245 | 1 | 0 | _aBrazil |
| 260 |
_aBuenos Aires : _bTranseuropa Video Entertainment, _c1985. |
||
| 300 | _aVHS (135 min.) : son., col. | ||
| 505 | 0 | _aVersión en inglés con subtítulos en castellano | |
| 520 | _aEn una sociedad atemporal dominada por el siniestro Ministerio de Informacíón, un error burocrático provoca el encarcelamiento, y posterior tortura y ejecución, de un hombre inocente. Sam Lowry, un funcionario que se ha dado cuenta del error, se invita a compensarlo por su cuenta, entregando personalmente el cheque indemnizatorio. De forma paralela, el propio Lowry se ve acosado por una serie de sueños donde se transmuta en un guerrero medieval que lucha por rescatar a su amada secuestrada, enfrentándose a todas las entidades que le salen a su paso. Pronto descubrirá que la realidad y la ficción no son mundos tan opuestos como se pensaba. muy buena. | ||
| 653 | _aVIDEOS | ||
| 905 | _a19584 | ||
| 942 | _cVIDEO | ||
| 999 |
_c54607 _d54607 |
||